Türkiye'de devlet geleneği / (Record no. 15184)

MARC details
000 -BAŞLIK
Sabit Uzunlukta Kontrol Alanı 00736nam a22002297a 4500
999 ## - SİSTEM KONTROL NUMARALARI (KOHA)
Koha Biblionumber 15184
Koha Biblioitemnumber 15184
003 - KONTROL NUMARASI IDENTIFIER
Denetim Alanı MIRAKIL
005 - SON İŞLEM TARİHİ VE ZAMANI
Denetim Alanı 20230223162123.0
008 - SABİT-BOY VERİ ELEMANLARI - GENEL BİLGİLER
Sabit Uzunlukta Kontrol Alanı 230223b tu ||||| |||| 00| 0 tur d
020 ## - ULUSLARARASI STANDART KİTAP NUMARASI
Uluslararası Standart Kitap Numarası 9789758717217
035 ## - SİSTEM KONTROL NUMARASI
Sistem Kontrol Numarası 14039
040 ## - KATALOGLAMA KAYNAK
Orijinal Kataloglama Ajansı TR-AnCHP
Kataloglama Dili tur
Metne Dönüştürmek Ajansı TR-AnCHP
082 ## - DEWEY ONLU SINIFLANDIRMA NUMARASI
Sınıflandırma Numarası 320.956
Ürün Numarası H36t 2015
100 ## - ANA GİRİŞ - KİŞİSEL İSİM
Kişisel Ad Heper, Metin
245 ## - BAŞLIK TABLOSU
Başlık Türkiye'de devlet geleneği /
Sorumluluk Tablosu, Vb Metin Heper ; İngilizce 'den çeviri: Nalan Soyarık
260 ## - YAYIN, DAĞITIM, VB
Yayın, Dağıtım, Vb Yeri Ankara:
Yayıncı, Dağıtıcı, Vs Adı Doğu Batı Yayınları,
Yayın, Dağıtım, Vb Tarihi 2015.
300 ## - FİZİKSEL TANIM
Kapsam 267 s.:
Boyutlar 21 sm.
490 0# - SERİSİ TABLOSU
Seri Beyanı Doğu Batı Yayınları ;
-- Siyaset Bilimi ;
Hacim / Ardışık Tanımı 18.
-- 1.
504 ## - KAYNAKÇA VB NOT
Kaynakça Vb Notu Kaynakça ve dizin vardır.
651 ## - KONU KATMA GİRİŞ - COĞRAFİ ADI
Coğrafi İsim Türkiye
Genel Alt Bölümü Siyaset ve yönetim
700 ## - KATMA GİRİŞ - KİŞİSEL İSİM
Kişisel Ad Soyarık, Nalan
9 (RLIN) 7355
Relator Terim çev.
942 ## - EKLENDİ GİRİŞ ELEMANLARI (KOHA)
Sınıflandırma Veya Raf Düzeni Kaynak Dewey Decimal Classification
Koha Öğesi Türü Books
Holdings
Kalıcı Konum Mevcut Konum Edinme Tarihi Toplam Check-Out'Lar Tam Çağrı Numarası Barkod Tarih Son Görülme İtibaren Geçerli Fiyatlar Koha Öğesi Türü
CHP Kütüphanesi CHP Kütüphanesi 02/23/2023   320.956 H36t 2015 020758 02/23/2023 02/23/2023 Books